5HLuxD.jpg

KING HENRY VIII SENIOR AND PRIMARY SCHOOL LIBRARY OPAC

Harry Potter and the Order of the Phoenix / (Record no. 1270)

000 -LEADER
fixed length control field 03460cam a2200385Ia 4500
001 - CONTROL NUMBER
control field .b12443384
003 - CONTROL NUMBER IDENTIFIER
control field OCoLC
005 - DATE AND TIME OF LATEST TRANSACTION
control field 20221227141819.0
008 - FIXED-LENGTH DATA ELEMENTS--GENERAL INFORMATION
fixed length control field
020 ## - INTERNATIONAL STANDARD BOOK NUMBER
International Standard Book Number 9780439358071 (pbk.) :
020 ## - INTERNATIONAL STANDARD BOOK NUMBER
International Standard Book Number 0439358078 (pbk.) :
035 ## - SYSTEM CONTROL NUMBER
System control number (OCoLC)56098238
040 ## - CATALOGING SOURCE
Original cataloging agency NPL
Transcribing agency NPL
Modifying agency OCLCQ
-- XY4
-- OCL
-- XY4
-- BAKER
-- UNA
-- OCLCQ
-- BTCTA
-- TW-KhWUC
-- KH8
041 0# - LANGUAGE CODE
Language code of text/sound track or separate title eng
043 ## - GEOGRAPHIC AREA CODE
Geographic area code e-uk-en
044 ## - COUNTRY OF PUBLISHING/PRODUCING ENTITY CODE
MARC country code xxu
082 04 - DEWEY DECIMAL CLASSIFICATION NUMBER
Classification number FIC ROW
100 1# - MAIN ENTRY--PERSONAL NAME
Personal name Rowling, J. K.
Relator term AUTHOR
245 10 - TITLE STATEMENT
Title Harry Potter and the Order of the Phoenix /
Statement of responsibility, etc. by J.K. Rowling.
260 ## - PUBLICATION, DISTRIBUTION, ETC.
Place of publication, distribution, etc. New York :
Name of publisher, distributor, etc. Scholastic, Inc.,
Date of publication, distribution, etc. c2003, (2004 printing)
300 ## - PHYSICAL DESCRIPTION
Extent xv, 870 p. :
Other physical details ill. ;
Dimensions 20 cm.
440 ## - SERIES STATEMENT/ADDED ENTRY--TITLE
Title HARRY POTTER
500 ## - GENERAL NOTE
General note Sequel to: Harry Potter and The Goblet of Fire.
505 0# - FORMATTED CONTENTS NOTE
Formatted contents note Dudley demented -- Peck of owls -- Advance guard -- Number twelve, Grimmauld Place -- Order of the Phoenix -- Noble and most ancient house of black -- Ministry of magic -- Hearing -- Woes of Mrs. Weasley -- Luna Lovegood -- Sorting hat's new song -- Professor Umbridge -- Detention with Dolores -- Percy and Padfoot -- Hogwarts high inquisitor - In the hog's head -- Educational decree number twenty-four -- Dumbledore's army -- Lion and the serpent -- Hagrid's tale -- Eye of the snake -- St. Mungo's hospital for magical maladies and injuries -- Christmas on the closed ward -- Occlumency -- Beetle at bay -- Seen and unforeseen -- Centaur and the sneak -- Snape's worst memory -- Career advice -- Grawp -- O.W.L.s -- Out of the fire -- Fight and flight -- Department of mysteries -- Beyond the veil -- Only one he ever feared -- Lost prophecy -- Second war begins.
520 ## - SUMMARY, ETC.
Summary, etc. Harry is in his fifth year at Hogwarts as the adventures continue. There is a door at the end of a silent corridor. And it's haunting Harry Potter's dreams. Why else would he be waking in the middle of the night, screaming in terror? Harry has a lot on his mind for this, his fifth year at Hogwarts: a defense against the dark arts teacher with a personality like poisoned honey; a big surprise on the Gryffindor Quidditch team; and the looming terror of the ordinary wizarding level exams. But all these things pale next to the growing threat of he-who-must-not-be-named-a threat that neither the magical government nor the authorities at Hogwarts can stop. As the grasp of darkness tightens, Harry must discover the true depth and strength of his friends, the importance of boundless loyalty, and the shocking price of unbearable sacrifice. His fate depends on them all. The book that took the world by storm. In his fifth year at Hogwart's, Harry faces challenges at every turn, from the dark threat of he-who-must-not-be-named and the unreliability of the government of the magical world to the rise of Ron Weasley as the keeper of the Gryffindor Quidditch Team. Along the way he learns about the strength of his friends, the fierceness of his enemies, and the meaning of sacrifice.
650 #0 - SUBJECT ADDED ENTRY--TOPICAL TERM
Topical term or geographic name entry element Wizards
Form subdivision Juvenile fiction.
650 #0 - SUBJECT ADDED ENTRY--TOPICAL TERM
Topical term or geographic name entry element Magic
Form subdivision Juvenile fiction.
650 #0 - SUBJECT ADDED ENTRY--TOPICAL TERM
Topical term or geographic name entry element Schools
Form subdivision Juvenile fiction.
650 #0 - SUBJECT ADDED ENTRY--TOPICAL TERM
Topical term or geographic name entry element Hogwarts School of Witchcraft and Wizardry (Imaginary place)
Form subdivision Juvenile fiction.
650 #0 - SUBJECT ADDED ENTRY--TOPICAL TERM
Topical term or geographic name entry element Hogwarts School of witchcraft and Wizardry (Imaginary place)
Form subdivision Fiction.
650 #0 - SUBJECT ADDED ENTRY--TOPICAL TERM
Topical term or geographic name entry element Potter, Harry (Fictitious character)
Form subdivision Juvenile fiction.
651 #0 - SUBJECT ADDED ENTRY--GEOGRAPHIC NAME
Geographic name England
Form subdivision Juvenile fiction.
740 0# - ADDED ENTRY--UNCONTROLLED RELATED/ANALYTICAL TITLE
Uncontrolled related/analytical title Order of the Phoenix.
942 ## - ADDED ENTRY ELEMENTS (KOHA)
Source of classification or shelving scheme
Koha item type Books - Fiction
Holdings
Withdrawn status Lost status Source of classification or shelving scheme Damaged status Not for loan Collection code Permanent Location Current Location Shelving location Date acquired Full call number Barcode Date last seen Price effective from Koha item type
          Fiction KH8 Primary School Library KH8 Primary School Library Fiction 2022-12-27 FIC ROW KHPL000003289 2025-12-05 2022-12-27 Books - Fiction

Powered By KH8 IT Dept